000 00424nam a22001457a 4500
005 20151130155135.0
008 151130b xxu||||| |||| 00| 0 eng d
040 _cPK-LaUMT
082 _aMSC 915.3954
_bAJM-M
100 _aاجمل نیازی، محمد
245 _aمندر میں محراب
_cمحمد اجم نیازی
260 _aلاہور
_bپولیمر پبلیکیشنز
_c1987
300 _a271 ص
942 _cBK
999 _c79284
_d79284